Logo BPK

Biblioteka

Politechniki Koszalińskiej

Novye materialy v technike / (Rekord nr 25456)

Szczegóły MARC
000 -ETYKIETA REKORDU
podpole kontrolne o stałej długości 00435nam a2200169 i 4500
001 - NUMER KONTROLNY REKORDU
pole kontrolne bg
040 ## - ŹRÓDŁO KATALOGOWANIA
Instytucja, która utworzyła rekord BPK
041 ## - KOD JĘZYKA
Kod języka tekstu pol
080 ## - UNIWERSALNA KLASYFIKACJA DZIESIĘTNA - UKD
UKD 620.1
008 - POLE O STAŁEJ DŁUGOŚCI - DANE KONTROLNE
podpole kontrolne o stałej długości s pl f |000 0 pol
100 1# - NAZWA OSOBOWA
Nazwa osobowa BELSKIJ, E. I.
245 #0 - TYTUŁ/ODPOWIEDZIALNOŚĆ
Tytuł Novye materialy v technike /
Pozostałe elementy strefy tytułu i oznaczenia odpowiedzialności E.N. Bel'skij, A.M. Dimitrowič, E.B. Lożečnikov.
260 ## - STREFA ADRESU WYDAWNICZEGO
Miejsce wydania Minsk,
Data publikacji, dystrybucji/powstania dokumentu 1971.
700 ## - HASŁO DODATKOWE - NAZWA OSOBOWA
Nazwa osobowa DIMITROVIC, A. M.
700 ## - HASŁO DODATKOWE - NAZWA OSOBOWA
Nazwa osobowa LOŻECNIKOV, E. B.
942 ## - DODATKOWE ELEMENTY (KOHA)
Typ dokumentu Książka
Egzemplarze
Wycofany Status egzemplarza Uszkodzony Dostępność Lokalizacja stała Lokalizacja bieżąca Miejsce przechowywania Sygnatura Kod kreskowy Typ dokumentu
      Dostępny Biblioteka Politechniki Koszalińskiej Biblioteka Politechniki Koszalińskiej Wypożyczalnia BG 12663 01741827 Książka
© 2023 Biblioteka Politechniki Koszalińskiej :: KOHA